| 000 | 01391cam a22002531i 4500 | ||
|---|---|---|---|
| 003 | SA-RiAUC | ||
| 005 | 20251120142848.0 | ||
| 008 | 251016s1994 su g bc f001 0 ara c | ||
| 040 |
_aJO-MaAHU _bara _cSA-RiAUC _erda |
||
| 082 | 0 | 4 |
_a016.228 _qSA-RiAUC |
| 090 |
_a016.228 _bج ا م |
||
| 110 | 2 |
_aالجامعة الإسلامية بالمدينة المنورة. _bعمادة شؤون المكتبات _eمؤلف. |
|
| 245 | 1 | 0 |
_aفهرس كتب القراءات القرآنية في مكتبة المصغرات الفلمية في قسم المخطوطات في عمادة شؤون المكتبات في الجامعة الإسلامية / _cإعداد عمادة شؤون المكتبات، الجامعة الإسلامية. |
| 264 | 1 |
_aالمدينة المنورة : _bالجامعة الإسلامية، _c1994 |
|
| 300 |
_a352 صفحة ؛ _c32 سم |
||
| 336 |
_aنص _btxt _2rdacontent _3كتاب |
||
| 337 |
_aبدون وسيط _bn _2rdamedia |
||
| 338 |
_aمجلد _bnc _2rdacarrier |
||
| 500 | _aيشتمل على كشاف. | ||
| 610 | 2 | 7 |
_aالجامعة الإسلامية بالمدينة المنورة. _bعمادة شؤون المكتبات. _bمكتبة المصغرات الفيلمية _vفهارس _2aucnm |
| 630 | 2 | 7 |
_aالقرآن _xقراءات _xمخطوطات _vببليوجرافيات _2aucut |
| 942 |
_2ddc _cBOOK _n0 |
||
| 949 |
_aSA-JeALM _d251016 _umohamedma123 _n1 |
||
| 999 |
_c13399 _d13399 |
||